000 00528nam a22001697a 4500
005 20251108164331.0
008 250721s1977 xx 000 0 ara d
082 1 4 _a669.8/عبد
100 1 _aرضوان، عبد الرؤوف
245 1 0 _aالفرن العالي /
264 1 _aالقاهره :
_bمؤسسة الأهرام،
_c1977.
300 _a270ص : رسومات بيانيه : معجم مصطلحات
490 0 _aالأسس التكنولوجيه
650 1 7 _aالتعدين
942 _2ddc
_cBK
999 _c9596
_d9596